Freedom and reform in Latin America
Сохранить в:
| Главный автор: | |
|---|---|
| Формат: | |
| Язык: | английский |
| Опубликовано: |
Notre Dame
University of Notre Dame
1959
|
| Предметы: | |
| Метки: |
Добавить метку
Нет меток, Требуется 1-ая метка записи!
|
MARC
| LEADER | 00000nam a2200000 a 4500 | ||
|---|---|---|---|
| 001 | UCT6988 | ||
| 003 | CL-VaPUC | ||
| 008 | 970113e19590000us |||||||||||||||||eng|d | ||
| 082 | 0 | 4 | |a 320 |b PIC |2 21 |
| 100 | 0 | |a Pike, Fredrick B |e author |9 377499 | |
| 245 | 1 | 0 | |a Freedom and reform in Latin America |
| 300 | |a 308 p | ||
| 942 | |c BK | ||
| 945 | |d 19970113 00:00:00 |a lriquelm | ||
| 260 | |a Notre Dame |b University of Notre Dame |c 1959 | ||
| 650 | 0 | |a Libertad |9 255686 | |
| 650 | 7 | |a REVOLUCION |2 CL-VaPUC |9 338298 | |
| 650 | 0 | |a Reforma política |9 349470 | |
| 650 | 0 | |a Política cultural |9 316492 | |
| 650 | 0 | |a Democracia |9 255256 | |
| 650 | 0 | |a Educación |9 258661 | |
| 650 | 0 | |a Industrialización |9 263687 | |
| 650 | 0 | |a REFORMA AGRARIA |9 256789 | |
| 651 | 0 | |a América Latina |9 255027 | |
| 583 | |a last modification |c 20171220 06:12:01 |k Rodrigo Vera | ||
| 999 | |c 255653 |d 255651 | ||
| 952 | |0 0 |1 0 |4 0 |6 320_000000000000000_PIC_1959 |7 0 |8 P |9 278004 |a BIBDER |b BIBDER |d 2019-11-19 |i 1802607 |o 320 PIC 1959 |p 1802607 |r 2023-01-25 |w 2019-11-19 |y BK |k DER | ||